Model umelej inteligencie pre odhad stavov batérie v elektrickom vozidle
Uložené v:
| Hlavný autor: | |
|---|---|
| Ďalší autori: | |
| Médium: | Rukopis Kniha |
| Jazyk: | Slovak |
| Vydavateľské údaje: |
2025
|
| Predmet: | |
| On-line prístup: | http://is.stuba.sk/zp/portal_zp.pl?podrobnosti=184459 |
| Tagy: |
Žiadne tagy, Buďte prvý, kto otaguje tento záznam!
|
MARC
| LEADER | 00000ntm a22000003a 4500 | ||
|---|---|---|---|
| 001 | stuzp102338 | ||
| 003 | SK-STU | ||
| 005 | 20250614211205.7 | ||
| 007 | ta | ||
| 008 | 150427s2015----xo-----f-mn---000-0-slo-d | ||
| 040 | |a STU |b slo | ||
| 041 | 0 | |a slo | |
| 100 | 1 | |a Korytova, Taisiia |u 030400 |4 aut |U FEI Fakulta elektrotechniky a informatiky |T FEI Ústav automobilovej mechatroniky |X 105839 |U E400 |Y 642 |7 105839 | |
| 242 | 0 | 1 | |a An artificial intelligence model for estimating battery states in an electric vehicle |y eng |
| 245 | 1 | 0 | |a Model umelej inteligencie pre odhad stavov batérie v elektrickom vozidle |
| 260 | |c 2025 | ||
| 650 | 4 | |a electromobility |2 eng | |
| 650 | 4 | |a CNN |2 eng | |
| 650 | 4 | |a LSTM |2 eng | |
| 650 | 4 | |a neural network |2 eng | |
| 650 | 4 | |a artificial intelligence |2 eng | |
| 650 | 4 | |a battery |2 eng | |
| 650 | 4 | |a SOH |2 eng | |
| 650 | 4 | |a CNN |2 slo | |
| 650 | 4 | |a batéria |2 slo | |
| 650 | 4 | |a SOH |2 slo | |
| 650 | 4 | |a LSTM |2 slo | |
| 650 | 4 | |a elektromobilita |2 slo | |
| 650 | 4 | |a neurónová sieť |2 slo | |
| 650 | 4 | |a umelá inteligencia |2 slo | |
| 700 | 1 | |a Kučera, Erik |u 030400 |k Z1 |4 ths |U FEI Fakulta elektrotechniky a informatiky |T FEI Ústav automobilovej mechatroniky |X 55901 |U E400 |Y 642 |7 A000055901 | |
| 856 | 4 | |u http://is.stuba.sk/zp/portal_zp.pl?podrobnosti=184459 | |